Крестьянская реформа на государственных землях Западной Сибири / (Record no. 351197)
[ view plain ]
| 000 -LEADER | |
|---|---|
| fixed length control field | 01038nam a2200205 a 4500 |
| 001 - CONTROL NUMBER | |
| control field | 001086498 |
| 003 - CONTROL NUMBER IDENTIFIER | |
| control field | AM-YeHGA |
| 005 - DATE AND TIME OF LATEST TRANSACTION | |
| control field | 20250617151430.0 |
| 008 - FIXED-LENGTH DATA ELEMENTS--GENERAL INFORMATION | |
| fixed length control field | 150615s1976 ||| r 000 0 rus d |
| 040 ## - CATALOGING SOURCE | |
| Original cataloging agency | AM-YeHGA |
| 041 0# - LANGUAGE CODE | |
| Language code of text/sound track or separate title | rus |
| 090 ## - LOCALLY ASSIGNED LC-TYPE CALL NUMBER (OCLC); LOCAL CALL NUMBER (RLIN) | |
| -- | 353010 |
| 100 1# - MAIN ENTRY--PERSONAL NAME | |
| Personal name | Топчий, Анатолий Тихонович |
| 245 10 - TITLE STATEMENT | |
| Title | Крестьянская реформа на государственных землях Западной Сибири / |
| Statement of responsibility, etc. | А.Т. Топчий ; Том. гос. ун-т им. В.В. Куйбышева, Проблемная науч.-исслед. лаб. истории, археологии и этнографии. |
| 260 ## - PUBLICATION, DISTRIBUTION, ETC. | |
| Place of publication, distribution, etc. | Томск : |
| Name of publisher, distributor, etc. | Изд-во Том. ун-та, |
| Date of publication, distribution, etc. | 1976. |
| 300 ## - PHYSICAL DESCRIPTION | |
| Extent | 172 с., : |
| Other physical details | табл. |
| 653 0# - INDEX TERM--UNCONTROLLED | |
| Uncontrolled term | Крестьянская реформа в России 1861 г. - Сибирь |
| 653 0# - INDEX TERM--UNCONTROLLED | |
| Uncontrolled term | Государственные крестьяне в Западной Сибири, 19 в. |
| 653 0# - INDEX TERM--UNCONTROLLED | |
| Uncontrolled term | Казачество сибирское - История, 19 в. |
| Withdrawn status | Lost status | Source of classification or shelving scheme | Damaged status | Not for loan | Collection | Home library | Current library | Date acquired | Total checkouts | Full call number | Barcode | Date last seen | Price effective from | Koha item type | Public note |
|---|---|---|---|---|---|---|---|---|---|---|---|---|---|---|---|
| Universal Decimal Classification | General | Fundamental Scientific Library | Fundamental Scientific Library | 11/01/2017 | PII/371474 | FL0342883 | 11/01/2017 | 11/01/2017 | Գրքեր / Books | 30 Days Loan |
ՀՀ Գիտությունների ազգային ակադեմիայի հիմնարար գիտական գրադարան = Fundamental Scientific Library of NAS RA
All site content, except where otherwise noted, is licensed under a